000 01268nam a2200229Ia 4500
001 L235-10352
003 IT-CnALBA
008 170116s9999||||xx |||||||||||||| ||und||
040 _aIT-CnALBA
_cIT-CnALBA
041 _aITALIANO
100 _aALLARIA F. GIACOMO, CANONICO
245 0 _aDELLA VITA E DELLE OPERE PASTORALI DI MONSIGNOR EUGENIO GALLETTI, VESCOVO DI ALBA.
250 _a1a ed.
260 _aALBA (CN)
_bSANSOLDI TIP. LIBR. DIOCESANA
_c1880 [1° Ed.: n.d.]
300 _a463 p. (prefazione: 10)
500 _aINFANZIA STUDI GIOVENTÙ. SACERDOTE. ESPERIENZE PASTORALI. CANONICO SS. SACRAMENTO. SERVO DEI POVERI. MAESTRO DEI SACERDOTI. VESCOVO DI ALBA. GALLETTI A ROMA. VISITA PASTORALE ALLA DIOCESI. AL CONCILIO ECUMENICO VATICANO I. ZELO PASTORALE. DOLORI E CONFORT
501 _aSocietà San Paolo EM - Piazza San Paolo, 14 - 12051 ALBA (CN) (non commercial uses only) ® Copyright 2017
520 _aINFANZIA STUDI GIOVENTÙ. SACERDOTE. ESPERIENZE PASTORALI. CANONICO SS. SACRAMENTO. SERVO DEI POVERI. MAESTRO DEI SACERDOTI. VESCOVO DI ALBA. GALLETTI A ROMA. VISITA PASTORALE ALLA DIOCESI. AL CONCILIO ECUMENICO VATICANO I. ZELO PASTORALE. DOLORI E CONFORT
650 _aMARIA SS. ANGELI SANTI DEMONI
942 _cBK
957 _71
999 _a15105
_bSI
_g Copie: 1
_c269530
_d269530